| 000 | 02650 a2200145 4500 | ||
|---|---|---|---|
| 003 | OSt | ||
| 005 | 20260213150014.0 | ||
| 008 | 260206b |||||||| |||| 00| 0 eng d | ||
| 100 |
_aमांडके श. _9216671 |
||
| 245 | _aशौर्यभास्कर नेताजी | ||
| 260 |
_bभारतीय विचार साधना प्रकाशन _c2011 _aपुणे |
||
| 300 | _a121pp. | ||
| 520 | _aशौर्य, त्याग आणि अदम्य राष्ट्रभक्तीचे प्रतीक असलेले नेताजी सुभाषचंद्र बोस हे आझाद हिंद सेनेचे संस्थापक आणि थोर भारतीय स्वातंत्र्यसैनिक होते. 'शौर्यभास्कर नेताजी' या नावाने ते त्यांच्या पराक्रमासाठी ओळखले जातात. त्यांचे विचार आणि कार्य आजही देशवासियांना प्रेरणा देत असून, त्यांच्या जयंतीनिमित्त (२३ जानेवारी) त्यांना अभिवादन केले जाते. MahaMTB +4 शौर्यभास्कर नेताजी (Shauryabhaskar Netaji): हे शशिकांत मांडके (Shashikant Mandke) लिखित मराठीतील एका पुस्तकाचे नाव देखील आहे. पराक्रम दिवस: नेताजींचा जन्मदिवस (२३ जानेवारी) भारत सरकारने 'पराक्रम दिवस' (Shourya Diwas) म्हणून घोषित केला आहे. स्वातंत्र्याचे शिल्पकार: आझाद हिंद सेनेच्या माध्यमातून त्यांनी ब्रिटीशांविरुद्ध थेट लढा दिला आणि 'तुम मुझे खून दो, मैं तुम्हे आझादी दूंगा' हा नारा दिला. नेताजी सुभाषचंद्र बोस यांच्या शौर्यगाथांवर आधारित 'सुभाष बावनी' (Subhash Bawani) नावाचे पुस्तकही मराठीत उपलब्ध आहे, जे त्यांचे चरित्र मांडते | ||
| 942 |
_cBK _2ddc |
||
| 999 |
_c370176 _d370176 |
||